Culture Générale - Série 1918 - Statistiques

Statistiques générales
  • Ce quiz a été pris 95 fois
  • Le résultat moyen est 3 sur 10
Statistiques - réponses
Question Réponse % Correct
A Paris, Jacques Chirac a associé son nom au musée du quai ... Branly
85%
Dans quel pays francophone, dit-on familièrement "gatter l'école" pour "faire l'école buissonnière" ? Suisse
70%
Dans quel sport s'était illustré Severiano Ballesteros (1957-2011) ? voir photo golf
59%
Quelle est l'unité monétaire de la Pologne ? zloty
49%
Quel fleuve arrose la ville belge de Tournai ? Escaut
15%
Comment appelle-t-on un héritier désigné ? légataire
13%
Dans la marine, comment appelle-t-on une mer très tranquille ? bonace
2%
Quel fleuve côtier arrose les villes d'Arles et Argelès ? Tech
2%
Comment s'appelle la région naturelle qui regroupe des terroirs de France (Aisne-Ardennes-Nord) et de Belgique ? Thiérache
1%
Quel nom désigne un vin de liqueur qu'on a laissé vieillir et qui est devenu doux et doré ? rancio
0%
Aucun quiz correspondant
Distribution des résultats
% des personnes avec chaque résultat
Percentile par nombre de réponses
Votre historique - résultats
Vous n’avez pas pris ce quiz